000 00568cam a2200205ua 4500
001 6659
008 140308n ii |||gr||||Z||||||eng
020 _a81-7663-196-5
040 _cMAIN
082 _a519.5
245 _aBusiness mathematics and statistics
_cBy N.K. Nag
250 _a3rd rev & enl ed.
260 _aLudhiana:
_bKalyani publishers,
_c2001.
300 _ax,656p.
653 _aProbabilities & applied mathematics
653 _aBusiness mathematics and statistics
700 _aNag,N.K.,
_eAuthor.,
700 _aChanda,S.C.,
_eAuthor.
942 _cBK
999 _c5808
_d5808